00977cam a22003494i 4500003000900000005001700009008004100026035001800067040003300085082001700118100003000135245005000165264004100215300005500256336002100311337002500332338002300357504002800380505009600408526001000504526001000514526001000524526001000534526000800544526000800552526000800560526000800568526000800576526000800584526000800592650002700600PE-LiUPU20250731173443.0150616s1963 sp a r 000 0 spa d a(Sirsi) a5793 aPE-LiUPUbspacPE-LiUPUerda04a209bS562211 aSimón, Jesús,eautor.10aHistoria de las Religiones /cJesús Simón 1aBarcelona :bEditorial Lumen,c1963. a358 páginas :bIlustraciones ;c18 centímetros atext2rdacontent aunmediated2rdamedia avolume2rdacarrier aBibliografía 347-358.0 aLa prehistoria.- Protohistoria.- Las grandes Religiones modernas.- Origen de la Religión. aSEG42 aSEG41 aSEG40 aSEG39 aP94 aP87 aP86 aP85 aP77 aP76 aP3504aRELIGIONES - HISTORIA.